000 00899nam a2200313 a 4500
003 AR-BaBNM
005 20251128203517.0
008 082120s2002 ||||||||||||||000 | spa||
040 _cAR-BaBNM
100 1 _aMoeller, Charles
245 0 0 _aLiteratura del siglo XX y cristianismo
_bel silencio de Dios. 1 : Camus, Gide, A. Huxley, Simone Weil, Graham Greene, Julien Green, Bernanos
250 _a5ª ed.
260 _aMadrid
_bGredos
_c1964
300 _a524 p.
500 _aIndice de nombres propios
650 4 _aCRITICA LITERARIA
650 4 _aINVESTIGACION LITERARIA
650 4 _aCRISTIANISMO
650 4 _aCOMPOSICION LITERARIA
650 4 _aAUTORES
650 4 _aFILOSOFIA LITERARIA
650 4 _aETICA
650 4 _aIDEOLOGIAS
650 4 _aVALORES SOCIALES
655 _aLITERATURA
700 1 _aGarcía Yebra, Valentín
_etraductor
942 _cBK
998 _cisola
999 _c3711
_d3711